000 00631nam a2200217 a 4500
005 20250116063843.0
008 991125 2002 000 0 u
020 _a9706332596
035 _aUPN01000129499
049 _aCG
050 4 _aLB1025
_bP3.2a
100 1 _aPalacios, Jesús
_928587
245 1 3 _aLa cuestión escolar :
_bcríticas y alternativas /
_cJesús Palacios.
260 _aMéxico :
_bCoyoacán,
_c2002.
300 _a659 p.
440 0 _aDiálogo abierto.
_pPedagogía ;
_v128
650 4 _aEducación
_xFines y objetivos
_94837
650 4 _aEnseñanza
_96215
650 4 _aEducación
_9682
905 _aLibro
999 _c101671
_d101671